NFL Top 100 (2023) - Statistics

General Stats
  • This quiz has been taken 76 times
  • The average score is 81 of 100
Answer Stats
Ranking Answer % Correct
1 (Chiefs) (QB) Patrick Mahomes
100%
5 (Chiefs) (TE) Travis Kelce
100%
3 (Eagles) (QB) Jalen Hurts
98%
37 (Eagles) (C) Jason Kelce
98%
2 (Vikings) (WR) Justin Jefferson
98%
10 (Chiefs) (DT) Chris Jones
97%
6 (Bengals) (QB) Joe Burrow
97%
52 (Commanders) (DE) Jonathan Allen
97%
8 (Bills) (QB) Josh Allen
97%
64 (Packers) (RB) Aaron Jones
95%
100 (Eagles) (WR) DeVonta Smith
95%
77 (Seahawks) (QB) Geno Smith
95%
97 (Vikings) (FS) Harrison Smith
95%
70 (Chargers) (LB) Joey Bosa
95%
4 (49ers) (DE) Nick Bosa
95%
24 (Ravens) (LB) Roquan Smith
95%
7 (Dolphins) (WR) Tyreek Hill
95%
84 (Browns) (DE) Za'Darius Smith
95%
67 (Lions) WR) Amon-Ra St. Brown
93%
35 (49ers) (RB) Christian McCaffrey
93%
56 (Cowboys) (QB) Dak Prescott
93%
42 (Vikings) (QB) Kirk Cousins
93%
27 (Steelers) (LB) T.J. Watt
93%
11 (Rams) (DT) Aaron Donald
92%
51 (Jets) (QB) Aaron Rodgers
92%
22 (Eagles) (WR) A.J. Brown
92%
13 (Raiders) (WR) Davante Adams
92%
25 (Titans) (RB) Derrick Henry
92%
19 (49ers) (TE) George Kittle
92%
32 (Chargers) (QB) Justin Herbert
92%
72 (Ravens) (QB) Lamar Jackson
92%
39 (Bengals) (WR) Ja'Marr Chase
90%
66 (Lions) (QB) Jared Goff
90%
9 (Cowboys) (LB) Micah Parsons
90%
31 (Giants) (RB) Saquon Barkley
90%
16 (Bills) (WR) Stefon Diggs
90%
60 (Cowboys) (CB) Trevon Diggs
90%
34 (Cowboys) (WR) CeeDee Lamb
88%
99 (Cowboys) (DE) Demarcus Lawrence
88%
28 (Giants) (DT) Dexter Lawrence
88%
12 (Raiders) (RB) Josh Jacobs
88%
41 (Eagles) (OT) Lane Johnson
88%
53 (Buccaneers) (WR) Mike Evans
88%
29 (Browns) (RB) Nick Chubb
88%
96 (Jaguars) (QB) Trevor Lawrence
88%
82 (Dolphins) (QB) Tua Tagovailoa
88%
36 (Dolphins) (CB) Jalen Ramsey
87%
95 (Saints) (RB) Jamaal Williams
87%
20 (Browns) (DE) Myles Garrett
87%
40 (Jets) (DT) Quinnen Williams
87%
23 (Jets) (CB) Sauce Gardner
87%
14 (49ers) (OT) Trent Williams
87%
47 (Rams) (WR) Cooper Kupp
85%
44 (Dolphins) (WR) Jaylen Waddle
85%
26 (Packers) (CB) Jaire Alexander
83%
21 (Chargers) (RB) Austin Ekeler
82%
30 (Chargers) (FS) Derwin James
82%
15 (49ers) (LB) Fred Warner
82%
74 (Jets) (WR) Garrett Wilson
82%
17 (Raiders) (DE) Maxx Crosby
82%
18 (Steelers) (FS) Minkah Fitzpatrick
82%
90 (Titans) (WR) DeAndre Hopkins
80%
61 (49ers) (WR) Deebo Samuel
80%
86 (Bears) (QB) Justin Fields
80%
80 (Ravens) (TE) Mark Andrews
78%
94 (Commanders) (WR) Terry McLaurin
78%
73 (Cardinals) (S) Budda Baker
77%
49 (Broncos) (CB) Patrick Surtain
77%
55 (Cowboys) (RB) Tony Pollard
77%
68 (Cowboys) (OG) Zack Martin
77%
62 (Seahawks) (LB) Bobby Wagner
75%
38 (Chargers) (LB) Khalil Mack
73%
50 (Saints) (DE) Cameron Jordan
72%
88 (Lions) (DE) Aidan Hutchinson
70%
65 (Eagles) (CB) Darius Slay
70%
58 (Titans) (DT) Jeffrey Simmons
70%
59 (Broncos) (FS) Justin Simmons
70%
91 (Jets) (RB) Dalvin Cook
68%
43 (Saints) (LB) Demario Davis
68%
75 (Bengals) (DE) Trey Hendrickson
68%
54 (Panthers) (DE) Brian Burns
67%
45 (Steelers) (DT) Cameron Heyward
67%
85 (Texans) (OT) Laremy Tunsil
65%
92 (Ravens) (CB) Marlon Humphrey
63%
89 (Saints) (CB) Marshon Lattimore
63%
71 (Colts) (DT) DeForest Buckner
62%
57 (Bills) (FS) Jordan Poyer
62%
33 (Patriots) (LB) Matthew Judon
62%
98 (Buccaneers) (OT) Tristan Wirfs
60%
79 (49ers) (LB) Dre Greenlaw
58%
48 (Eagles) (LB) Haason Reddick
57%
76 (Seahawks) (CB) Tariq Woolen
57%
83 (Dolphins) (OT) Terron Armstead
57%
69 (Bills) (LB) Matt Milano
52%
87 (Falcons) (OG) Chris Lindstrom
50%
81 (Dolphins) (DT) Christian Wilkins
47%
46 (Jets) (LB) C.J. Mosley
45%
63 (Falcons) (DT) Grady Jarrett
45%
78 (49ers) (S) Talanoa Hufanga
45%
93 (Chargers) (LB) Eric Kendricks
38%
No matching quizzes found
Score Distribution
Percent of People with Each Score
Percentile by Number Answered
Your Score History
You have not taken this quiz